Ricostruisci la Carriera del Calciatore - Wilfredo Caballero - Statistics

Statistiche generali
  • Questo quiz è stato fatto 6 volte
  • Il punteggio medio è 2 su 8
Statistiche sulle risposte
Hint Risposta % Corretto
2001-2004 Boca Juniors
50%
2006-2011 Elche
50%
2021-2023 Southampton
50%
2017-2021 Chelsea
25%
2004-2005 Elche
25%
2011-2014 Malaga
25%
2006 Arsenal
0%
2014-2017 Manchester City
0%
Nessun quiz corrispondente trovato
Distribuzione punteggi
Percentuale di utenti per punteggio
Percentile per numero di risposta
I tuoi punteggi nel tempo
Non hai fatto questo quiz